000 02331nam a22002417a 4500
003 PE SENCICO BE
005 20251020182620.0
008 221125b |||||||| |||| 00| 0 eng d
017 _a978-84-252-1977-1
040 _aPE SENCICO BE
_cPE SENCICO BE
082 _a152.45
_bH37
100 1 _987
_aHeller, Eva
_eautor
245 1 _aPsicología del color :
_bcomo actúan los colores sobre los sentimientos y la razón /
_cEva Heller
250 _a1a ed.
260 _aBarcelona:
_aLima :
_bGustavo Gili,
_c2011.
300 _a309 páginas :
_bilutraciones a color ;
_c24 cm.
505 0 _aAzul. El color preferido: El color de la simpatía y la fidelidad, pese a ser frio y distante. El color femenino y el color de las virtudes espirituales. Del azul real a azul de los tejanos -- Rojo. El color de todas las pasiones . Del amor al odio. El odio de los reyes y del comunismo, de la alegria y del peligro -- Amarillo. El color mas contradictorio. Optimismo y celos. El color de la diversión, del entendimiento y de la traición. El amarillo del oro y el amarillo del azufre -- Verde. El color de la fertilidad, de la esperanza y de la burguesía. Verde sagrado y verde venenoso. El color intermedio -- Negro. El color del poder, de a violencia y de la muerte. El color favorito de los diseñadores y de la juventud: El color de la negación y de la elegancia. ¿Es el negro propiamente un color? -- Blanco. El color femenino de la inocencia. El color del bien y de los espíritus. El color mas importante de los pintores -- Naranja. El color de la diversión y del budismo. Exótico y llamativo, pero subestimado -- Violeta. De la púrpura del poder al color de la teología, la magia, el feminismo y el movimiento gay -- Rosa. Dulce y delicado, escandaloso y cursi. Del rosa masculino al rosa femenino -- Oro. Dinero, felicidad, lujo. Mucho mas que un color -- Plata. El color de la velocidad, del dinero y de la luna -- Marrón. Color e loa acogedor, de lo corriente y de la necedad -- Gris. El color del aburrimiento, de lo anticuado y de la crueldad. Los test psicológicos con colores y la teoría de Goethe
650 1 0 _aPsicología del arte
_988
650 2 0 _aColor en la arquitectura
_930
650 2 0 _aPercepción visual
_989
910 _ahfp
_bhfp
_chfp
942 _2ddc
_cLIB
_h152.145
_iH37
999 _c3642
_d3642